Jamaica : Request for Stand By Arrangement and Cancellation of the Current Extended Arrangement Under the Extended Fund Facility-Press Release and Staff Report.

This paper discusses Jamaica's Request for Stand By Arrangement (SBA) and Cancellation of the Current Extended Arrangement Under the Extended Fund Facility (EFF). Fiscal discipline and proactive debt management have helped reduce public debt by more than 25 percent of GDP since the start of the...

詳細記述

書誌詳細
団体著者: International Monetary Fund. Western Hemisphere Dept
フォーマット: 雑誌
言語:English
出版事項: Washington, D.C. : International Monetary Fund, 2016.
シリーズ:IMF Staff Country Reports; Country Report ; No. 2016/350
オンライン・アクセス:Full text available on IMF
LEADER 01945cas a2200241 a 4500
001 AALejournalIMF017228
008 230101c9999 xx r poo 0 0eng d
020 |c 5.00 USD 
020 |z 9781475553369 
022 |a 1934-7685 
040 |a BD-DhAAL  |c BD-DhAAL 
110 2 |a International Monetary Fund.  |b Western Hemisphere Dept. 
245 1 0 |a Jamaica :   |b Request for Stand By Arrangement and Cancellation of the Current Extended Arrangement Under the Extended Fund Facility-Press Release and Staff Report. 
264 1 |a Washington, D.C. :  |b International Monetary Fund,  |c 2016. 
300 |a 1 online resource (84 pages) 
490 1 |a IMF Staff Country Reports 
500 |a <strong>Off-Campus Access:</strong> No User ID or Password Required 
500 |a <strong>On-Campus Access:</strong> No User ID or Password Required 
506 |a Electronic access restricted to authorized BRAC University faculty, staff and students 
520 3 |a This paper discusses Jamaica's Request for Stand By Arrangement (SBA) and Cancellation of the Current Extended Arrangement Under the Extended Fund Facility (EFF). Fiscal discipline and proactive debt management have helped reduce public debt by more than 25 percent of GDP since the start of the extended arrangement under the EFF. Macroeconomic stability is becoming entrenched as evidenced by low inflation, the buildup of foreign currency reserves, and a decline in the current account deficit. Important reforms are also being undertaken to unlock Jamaica's growth potential. In view of the country's recent track record and authorities' commitment to reforms and maintaining an open dialog with the IMF, the IMF staff supports the request for the precautionary SBA. 
538 |a Mode of access: Internet 
830 0 |a IMF Staff Country Reports; Country Report ;  |v No. 2016/350 
856 4 0 |z Full text available on IMF  |u http://elibrary.imf.org/view/journals/002/2016/350/002.2016.issue-350-en.xml  |z IMF e-Library